00471nam a2200145Ia 4500008004100000082001500041100002600056245012400082260003700206300001500243520001100258650001400269650001900283700002300302230925s9999||||xx |||||||||||||| ||und|| a621.31 KHA aKhan, Salman (328964) 0aEffect of Temperature and Water on the Aging Characteristics of Novel High Voltage Polyamide Nanocomposite insulators / bUSPCAS-E, NUST,Islamabad :c2023 axii, 61 p. aTH-482 vMS Thesis vMS-EEP Thesis  aDr. Abraiz Khattak